Famous...On Vacation Quiz Stats

Quiz Updated Jul 8, 2014

Challenge
Share
Tweet
Score 0/30 Timer 06:00
4 Plays Today
% Correct
Homer & Bart Simpson
94.1%
Kermit the Frog
93%
Bill & Hillary Clinton
92.4%
Marilyn Monroe
91.8%
George Bush & George W. Bush
91.3%
The Beatles
91.2%
Harrison Ford
90.4%
Justin Bieber & Selena Gomez
89.6%
Adolf Hitler
89.5%
Nelson Mandela
88.1%
The Royal Family
83.8%
Vladimir Putin
80.1%
Mark Twain
77.5%
Steven Spielberg & Kate Capshaw
76.9%
Dalai Lama
73.3%
% Correct
Bill & Melinda Gates
72.5%
Richard Nixon
71%
Pope John Paul II
70%
Jacqueline Kennedy Onassis
69.8%
Sean Penn
68.5%
Daniel Radcliffe
67.4%
Michael Phelps
66%
Babe Ruth
63.5%
Usain Bolt
63.4%
Albert Einstein
62.3%
Elizabeth Taylor & Richard Burton
59.7%
Elvis Presley
58.4%
Winston Churchill
52.2%
Madonna
41.5%
Amelia Earhart
39%

You're not logged in!

Compare scores with friends on all Sporcle quizzes.
Join for Free
OR
Log In

You Might Also Like...

Show Comments

Extras

Top Quizzes Today


Score Distribution

Your Account Isn't Verified!

In order to create a playlist on Sporcle, you need to verify the email address you used during registration. Go to your Sporcle Settings to finish the process.

Report this User

Report this user for behavior that violates our Community Guidelines.

Details: